000 00463nam a2200121Ia 4500
008 220620s9999||||xx |||||||||||||| ||und||
100 _aSaravanan Chandraleka
245 0 _aChemical Reactions in Inorganic Chemistry
546 _aEnglish[eng]
650 _aPhysical Sciences||Engineering and Technology||Chemistry||Organometallic Chemistry||Inorganic Chemistry
856 _uhttps://www.intechopen.com/books/chemical-reactions-in-inorganic-chemistry
942 _cEB
999 _c25400
_d25400